Top NHL Player from Each Team - Statistics

General Stats
  • This quiz has been taken 56 times
    8 since last reset
  • The average score is 22 of 32
Answer Stats
Team Status Player % Correct
Capitals UFA Alex Ovechkin
100%
Maple Leafs T Auston Matthews
100%
Oilers T Connor McDavid
100%
Avalanche P Nathan MacKinnon
100%
Penguins T Sidney Crosby
100%
Senators T Brady Tkachuk
83%
Blackhawks RFA Connor Bedard
83%
Bruins P David Pastrnak
83%
Canucks P Elias Pettersson
83%
Stars RFA Jason Robertson
83%
Wild P Kirill Kaprizov
83%
Jets P Mark Scheifele
83%
Canadiens P Nick Suzuki
83%
Lightning P Nikita Kucherov
83%
Sabres P Tage Thompson
83%
Mammoth P Clayton Keller
67%
Predators P Filip Forsberg
67%
Golden Knights P Jack Eichel
67%
Sharks P Macklin Celebrini
67%
Panthers P Sam Reinhart
67%
Blue Jackets P Zach Werenski
67%
Islanders P Mathew Barzal
50%
Red Wings P Moritz Seider
50%
Blues P Robert Thomas
50%
Hurricanes P Sebastian Aho
50%
Flyers P Travis Konecny
50%
Kings P Adrian Kempe
33%
Ducks P Cutter Gauthier
33%
Devils P Jesper Bratt
33%
Flames P Mikael Backlund
33%
Rangers P Mika Zibanejad
33%
Kraken P Brandon Montour
17%
No matching quizzes found
Score Distribution
Percent of People with Each Score
Percentile by Number Answered
Your Score History
You have not taken this quiz since the last reset